Poroskovaja metallurgija zaroprocnych spla

Uložené v:
Podrobná bibliografia
Hlavný autor: RAKOVSKIJ, V.S (Author)
Médium: Kniha
Jazyk:Russian
Vydané: 1974
Tagy: Pridať tag
Žiadne tagy, Buďte prvý kto otaguje tento záznam!

MARC

LEADER 00000nam a2200000 a 4500
001 000143708
005 00000000000000.0
008 040101s1974 e ruso
041 0 |a rus 
100 1 |a RAKOVSKIJ, V.S.  |4 aut 
245 1 0 |a Poroskovaja metallurgija zaroprocnych spla 
260 |c 1974 
500 |a Záznam neprešiel kontrolou 
910 |a svkkk 
998 |a BK 
090 |g SCKHL  |k Sklad Pribinova 2. posch.  |a II0.17307  |i 143708-10  |s Absenčne